| 000 | 00431nam a2200181Ia 4500 | ||
|---|---|---|---|
| 001 | 16623 | ||
| 005 | 20260306170323.0 | ||
| 008 | 260306t1996||||xx |||||||||||||| ||und|| | ||
| 041 | _aESP | ||
| 082 |
_a348.8 _bR18 |
||
| 100 |
_aRaiffa, Howard _eAUT |
||
| 245 | 0 | _aEl arte y la ciencia de la negociación | |
| 260 | _c1996 | ||
| 300 |
_a367 pƔginas : _c23 cm. |
||
| 650 | _aGEN | ||
| 654 | _aCDE | ||
| 942 |
_cLIB _dJUS _fJUS _2ddc _n |
||
| 999 |
_c16623 _d16623 |
||